La modernidad del liberalismo competitivo como transparadigma

El presente trabajo ensaya dialogar con los planteamientos desplegados por Harvey (2008) en su conocido texto sobre el París del siglo diecinueve, donde emprende la definición de algunos componentes del desarrollo del capitalismo en lo urbano. Se refiere en particular a la unión del capital y la mod...

Full description

Bibliographic Details
Main Author: Gurovich W., Alberto
Format: Analitica de revista
Language:Spanish
Published: Santiago, Chile SUR 2010
Subjects:

MARC

LEADER 00000nab a2200000 a 4500
001 037869
003 UAHC_CL
005 20171218133645.0
008 171212s2010 cl a|||| |||| 00| 0 spa d
952 |0 0  |1 0  |4 0  |6 PROPOSICIONES_37_10_000000000000000  |7 0  |8 COMP  |9 89124  |a BC  |b BC  |c General  |d 2017-12-18  |e DIRECTA  |l 0  |o PROPOSICIONES-37/10  |r 2017-12-18 00:00:00  |t 1  |w 2017-12-18  |y REVA 
999 |c 50113  |d 50113 
040 |a UAHC_CL  |c UAHC_CL  |d UAHC_CL 
100 |a Gurovich W., Alberto  |9 1432 
245 1 3 |a La modernidad del liberalismo competitivo como transparadigma  |c Alberto Gurovich W. 
260 |b SUR  |c 2010  |a Santiago, Chile 
300 |a pp. 31-40 
310 |a Anual. 
362 0 |a Año 1, no. 1 (nov. 2002)- . 
500 |a En: Proposiciones. no. 37, 2010. pp. 31-40. ISSN. 956208051X. 
520 |a El presente trabajo ensaya dialogar con los planteamientos desplegados por Harvey (2008) en su conocido texto sobre el París del siglo diecinueve, donde emprende la definición de algunos componentes del desarrollo del capitalismo en lo urbano. Se refiere en particular a la unión del capital y la modernidad que se cristaliza en el manejo de la ciudad, apoyándose para su análisis en las propuestas teóricas de Lefebvre (1974), quien, en su estudio sobre la producción del espacio, había propuesto examinarlo como construcción social resultante de las relaciones que tienen lugar al interior de cada sociedad. 
650 0 |9 1433  |a Urbanización   |x Aspectos económicos 
650 0 |9 1434  |a Planificación urbana 
900 |a PROPOSICIONES-37/10 
942 |c REVA